Human geography: Culture, society and space

Bewaard in:
Bibliografische gegevens
Hoofdauteur: H. J. de Blij
Formaat: Boek
Taal:Undetermined
Gepubliceerd in: New York John Wiley and Sons 1998
Onderwerpen:
Tags: Voeg label toe
Geen labels, Wees de eerste die dit record labelt!
Thư viện lưu trữ: Trung tâm Học liệu Trường Đại học Cần Thơ
LEADER 00529nam a2200193Ia 4500
001 CTU_57374
008 210402s9999 xx 000 0 und d
020 |b 187000 
082 |a 304.2 
082 |b B648 
100 |a H. J. de Blij 
245 0 |a Human geography: Culture, society and space 
245 0 |c H. J. de Blij and Alexander B. Murphy 
260 |a New York 
260 |b John Wiley and Sons 
260 |c 1998 
650 |a human geography 
904 |i Minh 
980 |a Trung tâm Học liệu Trường Đại học Cần Thơ